Państwa Sahary - Statystyki

Ogólne statystyki
  • Ten quiz został rozwiązany 536 razy
  • Średni wynik to 9 z 10
Statystyki odpowiedzi
Odpowiedź % Poprawnych
Algieria
94%
Egipt
94%
Maroko
94%
Libia
89%
Sudan
88%
Niger
84%
Czad
83%
Tunezja
81%
Mali
79%
Mauretania
73%
Nie znaleziono quizów pasujących do podanych kryteriów
Rozkład punktacji
Procent ludzi z każdym wynikiem
Percentyl według liczby udzielonych odpowiedzi
Twoja historia wyników
Nie rozwiązałeś tego quizu